[Event "56th World U20 ch"]
[Site "Tarvisio ITA"]
[Date "2017.11.13"]
[Round "1.1"]
[White "Van Foreest, Jorden"]
[Black "Saiyn, Zhanat"]
[Result "1/2-1/2"]
[WhiteElo "2616"]
[BlackElo "2374"]
[EventDate "2017.11.13"]
[PlyCount "101"]

1.e4 c6 2.d4 d5 3.Nd2 dxe4 4.Nxe4 Bf5 5.Ng3 Bg6 6.h4 h6 7.Nf3 Nd7 8.h5 Bh7
9.Bd3 Bxd3 10.Qxd3 e6 11.Bd2 Ngf6 12.O-O-O Be7 13.Ne4 Nxe4 14.Qxe4 Nf6 15.
Qd3 O-O 16.Kb1 Qd5 17.Ne5 Rad8 18.Qe2 Qe4 19.Qxe4 Nxe4 20.Be3 Bf6 21.Rhe1 
c5 22.Ng4 cxd4 23.Nxf6+ Nxf6 24.Bxd4 b6 25.Bxf6 gxf6 26.Kc1 f5 27.Rxd8 
Rxd8 28.Rd1 Rxd1+ 29.Kxd1 e5 30.Ke2 f4 31.Kf3 f5 32.g3 fxg3 33.fxg3 Kf7 
34.c4 a5 35.b3 Kf6 36.a3 Kg5 37.Ke2 Kf6 38.Ke3 Kg5 39.Kf3 Kf6 40.b4 axb4 
41.axb4 Ke6 42.g4 e4+ 43.Kf4 fxg4 44.Kxe4 g3 45.Kf3 Ke5 46.Kxg3 Kd4 47.c5 
bxc5 48.bxc5 Kxc5 49.Kf4 Kd6 50.Kf5 Ke7 51.Kg6 1/2-1/2

[Event "56th World U20 ch"]
[Site "Tarvisio ITA"]
[Date "2017.11.13"]
[Round "1.2"]
[White "Sidhant, Mohapatra"]
[Black "Oparin, Grigory"]
[Result "1/2-1/2"]
[WhiteElo "2371"]
[BlackElo "2606"]
[EventDate "2017.11.13"]
[PlyCount "61"]

1.e4 c5 2.Nf3 d6 3.d4 cxd4 4.Nxd4 Nf6 5.Nc3 a6 6.Be2 e5 7.Nb3 Be7 8.Bg5 
Be6 9.Bxf6 Bxf6 10.Qd3 Nc6 11.O-O-O Qb6 12.Rhf1 Rd8 13.Kb1 O-O 14.Nd5 Bxd5
15.exd5 Ne7 16.Nd2 g6 17.Ne4 Bg7 18.g4 f5 19.Ng5 e4 20.Qb3 Qxb3 21.axb3 
Rde8 22.Ne6 Rf7 23.c4 fxg4 24.Bxg4 h5 25.Bh3 Rf3 26.Ng5 Rxb3 27.Be6+ Kh8 
28.Nf7+ Kh7 29.Ng5+ Kh8 30.Nf7+ Kh7 31.Ng5+ 1/2-1/2

[Event "56th World U20 ch"]
[Site "Tarvisio ITA"]
[Date "2017.11.13"]
[Round "1.3"]
[White "Svane, Rasmus"]
[Black "Haria, Ravi"]
[Result "0-1"]
[WhiteElo "2587"]
[BlackElo "2364"]
[EventDate "2017.11.13"]
[PlyCount "140"]

1.c4 e6 2.g3 d5 3.Bg2 Nf6 4.Nf3 Be7 5.O-O O-O 6.b3 b6 7.cxd5 Nxd5 8.d4 Bb7
9.Bb2 Nd7 10.Re1 c5 11.e4 N5f6 12.Nc3 cxd4 13.Nxd4 Ne5 14.Qe2 Bc5 15.Red1 
Bxd4 16.Nb5 Bxf2+ 17.Qxf2 Qb8 18.Rac1 Bxe4 19.Bxe4 Nxe4 20.Qe3 Ng5 21.Rf1 
f6 22.h4 Ngf7 23.Nc7 Qb7 24.Nxa8 Rxa8 25.Rfd1 Nf3+ 26.Kf2 N7e5 27.Bxe5 
fxe5 28.Qxf3 Rf8 29.Qxf8+ Kxf8 30.Rd6 Kf7 31.Rcc6 Qe7 32.Ke2 Kf6 33.Ke3 g5
34.h5 g4 35.Ke4 h6 36.Ke3 Kf5 37.Rd1 Qg5+ 38.Ke2 Qxh5 39.Rf1+ Kg5 40.Rxe6 
Qh2+ 41.Rf2 Qxg3 42.Ref6 h5 43.R2f5+ Kh4 44.Rh6 Qg2+ 45.Ke3 Qg1+ 46.Ke2 e4
47.Rhxh5+ Kg3 48.a4 Qd4 49.Rd5 Qf2+ 50.Kd1 Qb2 51.Rhf5 Qxb3+ 52.Ke2 Qc3 
53.Rd7 a6 54.Rdd5 a5 55.Rd1 Qc4+ 56.Ke3 Qxa4 57.Rd4 Qc2 58.Rxe4 a4 59.Kd4 
Qb2+ 60.Kc4 Qb3+ 61.Kd4 Qb4+ 62.Kd5 Qb5+ 63.Ke6 Qb3+ 64.Rd5 a3 65.Rd4 Qe3+
66.Kf5 Qf3+ 67.Ke6 a2 68.Ra4 Qe3+ 69.Kd6 Qh6+ 70.Kc7 Qg7+ 0-1

[Event "56th World U20 ch"]
[Site "Tarvisio ITA"]
[Date "2017.11.13"]
[Round "1.4"]
[White "Krishna Teja, N."]
[Black "Narayanan, Sunilduth Lyna"]
[Result "0-1"]
[WhiteElo "2363"]
[BlackElo "2585"]
[EventDate "2017.11.13"]
[PlyCount "118"]

1.d4 g6 2.Nf3 Bg7 3.e4 d6 4.Nc3 Nf6 5.Be2 O-O 6.O-O c6 7.a4 a5 8.h3 Qc7 9.
Be3 e5 10.Qd2 exd4 11.Bxd4 Re8 12.Qf4 Nbd7 13.Rfd1 Ne5 14.Nxe5 dxe5 15.Qg3
Qe7 16.Be3 Be6 17.Qxe5 Ng4 18.Qc5 Nxe3 19.Qxe7 Rxe7 20.fxe3 Bxc3 21.bxc3 
Rae8 22.Rab1 Bc8 23.Bf3 Re5 24.Rd4 h5 25.h4 Rc5 26.Rb3 Kf8 27.Kf2 Ke7 28.
Ke2 Rh8 29.Kd3 Re5 30.Kd2 f6 31.Rb1 g5 32.Rh1 g4 33.Be2 Be6 34.Rb1 Rb8 35.
Rb6 c5 36.Rdd6 Rxe4 37.Bd3 Re5 38.c4 Rf8 39.e4 Bd7 40.Rxd7+ Kxd7 41.Rxb7+ 
Kc6 42.Rb1 Ree8 43.g3 Rb8 44.Rb5 Rxb5 45.cxb5+ Kd6 46.Ke3 c4 47.Bxc4 f5 
48.Bd3 fxe4 49.Bxe4 Kc5 50.Bc6 Rf1 51.Ke2 Ra1 52.Be8 Rxa4 53.Bxh5 Ra3 54.
Bxg4 Rxg3 55.Be6 a4 56.Kd2 a3 57.Ke2 Kxb5 58.Kf2 Rc3 59.h5 Rc4 0-1

[Event "56th World U20 ch"]
[Site "Tarvisio ITA"]
[Date "2017.11.13"]
[Round "1.5"]
[White "Tari, Aryan"]
[Black "Tran Minh Thang"]
[Result "1/2-1/2"]
[WhiteElo "2581"]
[BlackElo "2361"]
[EventDate "2017.11.13"]
[PlyCount "60"]

1.e4 c5 2.Nf3 e6 3.d4 cxd4 4.Nxd4 a6 5.c4 Nf6 6.Nc3 Bb4 7.Qd3 Nc6 8.Nxc6 
dxc6 9.Qxd8+ Kxd8 10.e5 Ne4 11.a3 Bxc3+ 12.bxc3 Kc7 13.Bd3 Nc5 14.Bc2 a5 
15.Bg5 Re8 16.O-O-O b6 17.Rd4 Ba6 18.f4 b5 19.cxb5 cxb5 20.Rhd1 Bb7 21.Bh4
Bc6 22.Bf2 g6 23.g4 Na4 24.R4d3 Red8 25.Rh3 Rxd1+ 26.Bxd1 Rh8 27.Bh4 Bg2 
28.Rg3 Bd5 29.c4 Bc6 30.Rh3 Kb6 {... 50 moves} 1/2-1/2

[Event "56th World U20 ch"]
[Site "Tarvisio ITA"]
[Date "2017.11.13"]
[Round "1.6"]
[White "Tutisani, Noe"]
[Black "Karthikeyan, Murali"]
[Result "0-1"]
[WhiteElo "2361"]
[BlackElo "2578"]
[EventDate "2017.11.13"]
[PlyCount "58"]

1.e4 c5 2.Nf3 Nc6 3.d4 cxd4 4.Nxd4 Nf6 5.Nc3 d6 6.Bc4 Bd7 7.Be3 Ng4 8.O-O 
Nce5 9.Bb3 Nxe3 10.fxe3 e6 11.Nf3 Be7 12.Nxe5 dxe5 13.Qg4 O-O 14.Rf3 b5 
15.Raf1 a5 16.a4 bxa4 17.Nxa4 Rb8 18.Qh5 Qe8 19.Rh3 h6 20.Rg3 Kh7 21.Qxe5 
f6 22.Qc7 Rc8 23.Qb7 Bd6 24.e5 Bxe5 25.Rd1 Rc7 26.Qe4+ Kh8 27.Rg4 Bc6 28.
Qd3 Qh5 29.Bxe6 f5 0-1

[Event "56th World U20 ch"]
[Site "Tarvisio ITA"]
[Date "2017.11.13"]
[Round "1.7"]
[White "Aravindh, Chithambaram"]
[Black "Dimic, Pavle"]
[Result "0-1"]
[WhiteElo "2572"]
[BlackElo "2357"]
[EventDate "2017.11.13"]
[PlyCount "70"]

1.Nf3 Nf6 2.g3 g6 3.Bg2 Bg7 4.O-O O-O 5.d4 d6 6.c4 c6 7.Nc3 Bf5 8.d5 Ne4 
9.Nd4 Nxc3 10.bxc3 Bd7 11.Rb1 c5 12.Nc2 Be8 13.Bd2 Nd7 14.e4 Qa5 15.Ne3 
Nb6 16.Qc2 Bd7 17.h4 Rab8 18.h5 a6 19.Bf3 Na4 20.Bg4 Bxg4 21.Nxg4 b5 22.
Rb3 Nb6 23.cxb5 c4 24.Rb4 axb5 25.Kg2 Na4 26.Nh6+ Kh8 27.Rh1 Nc5 28.Rh4 
Nd3 29.Rb1 e6 30.Rbh1 exd5 31.Qd1 dxe4 32.Be3 Qxa2 33.Ng4 g5 34.h6 Bxc3 
35.Bxg5 f5 0-1

[Event "56th World U20 ch"]
[Site "Tarvisio ITA"]
[Date "2017.11.13"]
[Round "1.8"]
[White "Noboa Silva, Kevin"]
[Black "Pichot, Alan"]
[Result "0-1"]
[WhiteElo "2356"]
[BlackElo "2568"]
[EventDate "2017.11.13"]
[PlyCount "62"]

1.d4 Nf6 2.c4 e6 3.Nc3 Bb4 4.e3 O-O 5.Bd3 d5 6.cxd5 exd5 7.Ne2 Re8 8.O-O 
Bd6 9.Ng3 g6 10.Re1 c5 11.dxc5 Bxc5 12.Nce2 Nc6 13.Bd2 h5 14.Rc1 b6 15.h3 
h4 16.Nf1 Ne4 17.Nh2 Ne5 18.Nf4 Nxf2 19.Kxf2 Qf6 20.Ke2 Bd7 21.Rf1 Nxd3 
22.Nxd3 Qg5 23.Rf2 Bxe3 24.Bxe3 Rxe3+ 25.Kd2 Rf3+ 26.Kc2 Rxf2+ 27.Nxf2 
Rc8+ 28.Kb3 Rxc1 29.Qd4 Rc4 30.Qd3 Ba4+ 31.Ka3 Qe7+ 0-1

[Event "56th World U20 ch"]
[Site "Tarvisio ITA"]
[Date "2017.11.13"]
[Round "1.9"]
[White "Donchenko, Alexander"]
[Black "Batsuren, Dambasuren"]
[Result "1-0"]
[WhiteElo "2567"]
[BlackElo "2352"]
[EventDate "2017.11.13"]
[PlyCount "183"]

1.Nf3 Nf6 2.g3 d5 3.Bg2 e6 4.O-O Be7 5.c4 O-O 6.b3 b6 7.Bb2 Bb7 8.e3 Nbd7 
9.Nc3 c5 10.Qe2 Rc8 11.Rad1 Qc7 12.Nh4 Rfe8 13.cxd5 exd5 14.d4 cxd4 15.
Rxd4 Nc5 16.Nxd5 Nxd5 17.Bxd5 Bxd5 18.Rxd5 Bxh4 19.gxh4 Ne6 20.Rfd1 Qc2 
21.Qxc2 Rxc2 22.R1d2 Rec8 23.Kg2 h5 24.Kg3 f6 25.Ba3 Rxd2 26.Rxd2 Rd8 27.
Rc2 Kf7 28.f3 Rd1 29.Kf2 Rd5 30.Ke2 Rd7 31.Bb4 g6 32.Be1 Rc7 33.Rd2 Ke7 
34.Bg3 Rc6 35.Bb8 a6 36.Bg3 Ng7 37.Kd1 Nf5 38.Bf2 Nd6 39.Rd3 Ke6 40.Be1 
Nb7 41.Bb4 Rc8 42.Bd2 Rc7 43.Rd4 b5 44.Rd3 Nd6 45.Be1 Nf7 46.Bg3 Rd7 47.
Ke2 Rxd3 48.Kxd3 Kd7 49.Ke4 Kc6 50.Be1 Nd6+ 51.Kd3 Kd7 52.e4 Nf7 53.f4 Nd8
54.Bc3 Ke7 55.f5 gxf5 56.exf5 Nf7 57.Ke4 Nd6+ 58.Kf4 Ne8 59.Bb4+ Kd7 60.
Bf8 Nd6 61.a3 Ne8 62.h3 Nd6 63.Bg7 Ke7 64.a4 bxa4 65.bxa4 Nb7 66.Bh6 Nd6 
67.Bg7 Kf7 68.Bh6 Kg8 69.Kf3 Nxf5 70.Bd2 Kf7 71.Be1 Ke6 72.Ke4 Ne7 73.Kd4 
Kd6 74.Bb4+ Kd7 75.Kc5 f5 76.Be1 Nc8 77.Kd5 Nb6+ 78.Ke5 Nxa4 79.Kxf5 Ke8 
80.Kg6 Kf8 81.Kxh5 Kg7 82.Bf2 Kf6 83.Bd4+ Kf5 84.Kh6 Ke4 85.h5 Kxd4 86.Kg6
Nc5 87.h6 Ne6 88.Kf6 Nf8 89.Kf7 Nh7 90.Kg7 Ng5 91.h4 Ne6+ 92.Kf7 1-0

[Event "56th World U20 ch"]
[Site "Tarvisio ITA"]
[Date "2017.11.13"]
[Round "1.10"]
[White "Urazayev, Arystanbek"]
[Black "Boruchovsky, Avital"]
[Result "1-0"]
[WhiteElo "2349"]
[BlackElo "2565"]
[EventDate "2017.11.13"]
[PlyCount "34"]

1.e4 e5 2.Nf3 Nc6 3.Bb5 a6 4.Ba4 Nf6 5.O-O Nxe4 6.d4 b5 7.Bb3 d5 8.dxe5 
Be6 9.Be3 Be7 10.c3 O-O 11.Nbd2 Qd7 12.Bc2 f5 13.exf6 Nxf6 14.Qe1 Kh8 15.
Nb3 Ng4 16.Nc5 Bxc5 17.Bxc5 Rfe8 {... 37 moves} 1-0

[Event "56th World U20 ch"]
[Site "Tarvisio ITA"]
[Date "2017.11.13"]
[Round "1.11"]
[White "Alexeenko, Kiril"]
[Black "Zuo Yifan"]
[Result "1-0"]
[WhiteElo "2563"]
[BlackElo "2346"]
[EventDate "2017.11.13"]
[PlyCount "119"]

1.e4 c5 2.Nc3 Nc6 3.Bb5 e6 4.Bxc6 bxc6 5.d3 Ne7 6.f4 Ng6 7.Nf3 Be7 8.O-O 
d5 9.e5 O-O 10.Na4 Ba6 11.Qe2 Bb5 12.Nc3 Qd7 13.Bd2 f5 14.b3 Rfd8 15.Rab1 
Rab8 16.Kh1 Kh8 17.h3 Rf8 18.Kh2 Rbe8 19.Nd1 Ba6 20.c4 Bd8 21.Nb2 Bb6 22.
Na4 h6 23.Bc1 Rd8 24.g3 dxc4 25.dxc4 Qd3 26.Qxd3 Rxd3 27.Nb2 Rc3 28.Ne1 
Rd8 29.Na4 Bxc4 30.bxc4 Rxc4 31.Nb2 Rxc1 32.Rxc1 Rd2+ 33.Kh1 Rxb2 34.Nd3 
Rxa2 35.Nxc5 Bxc5 36.Rxc5 Ne7 37.Rf3 Kg8 38.Rcc3 Ra1+ 39.Kg2 Ra2+ 40.Rf2 
Ra6 41.Rcc2 Rb6 42.Ra2 Rb7 43.Rfb2 Rc7 44.Rb8+ Kf7 45.Rab2 g5 46.R2b7 Rxb7
47.Rxb7 gxf4 48.gxf4 a5 49.Ra7 c5 50.Kf3 c4 51.Rc7 a4 52.Rxc4 Nd5 53.Rxa4 
Kg6 54.Ra6 Kf7 55.Kg3 Nc3 56.Ra7+ Kf8 57.Rh7 Ne2+ 58.Kf3 Ng1+ 59.Kf2 Nxh3+
60.Ke3 1-0

[Event "56th World U20 ch"]
[Site "Tarvisio ITA"]
[Date "2017.11.13"]
[Round "1.13"]
[White "Vaibhav, Suri"]
[Black "Macovei, Andrei"]
[Result "1/2-1/2"]
[WhiteElo "2560"]
[BlackElo "2343"]
[EventDate "2017.11.13"]
[PlyCount "79"]

1.e4 c6 2.Nf3 d5 3.Nc3 Bg4 4.h3 Bxf3 5.Qxf3 e6 6.Be2 Nf6 7.O-O Bc5 8.Rd1 
Bd4 9.exd5 cxd5 10.Nb5 Nc6 11.Qa3 Be5 12.d4 Bb8 13.c4 dxc4 14.d5 Nxd5 15.
Bxc4 Qe7 16.Bxd5 exd5 17.Qxe7+ Nxe7 18.Be3 a6 19.Nc3 Be5 20.Nxd5 Rd8 21.
Nb6 Bc7 22.Bc5 Bxb6 23.Bxb6 Rd5 24.Rac1 O-O 25.a4 f6 26.b4 Kf7 27.Kh2 h5 
28.g4 hxg4 29.hxg4 Re8 30.Kg3 Rh8 31.f4 g6 32.Bc5 Rhd8 33.Rxd5 Nxd5 34.Rd1
Rd7 35.Kf3 Nb6 36.Rh1 Nxa4 37.Rh7+ Ke6 38.Rh8 Kf7 39.Rh2 Ke6 40.Rh6 
1/2-1/2

[Event "56th World U20 ch"]
[Site "Tarvisio ITA"]
[Date "2017.11.13"]
[Round "1.14"]
[White "Sadhwani, Raunak"]
[Black "Liang, Awonder"]
[Result "1/2-1/2"]
[WhiteElo "2339"]
[BlackElo "2558"]
[EventDate "2017.11.13"]
[PlyCount "117"]

1.e4 e5 2.Nf3 Nc6 3.Bb5 a6 4.Ba4 d6 5.d4 Bd7 6.d5 Nb8 7.Bxd7+ Nxd7 8.c4 g6
9.Nc3 Bg7 10.O-O Bh6 11.Bxh6 Nxh6 12.Qd2 Ng4 13.b4 O-O 14.Rfc1 Qe7 15.Qg5 
Ngf6 16.Ne1 Nxd5 17.Qxe7 Nxe7 18.Nd5 Nxd5 19.cxd5 Rfc8 20.Nd3 f5 21.f3 Nf6
22.Nf2 Kf7 23.g4 c6 24.dxc6 Rxc6 25.Rxc6 bxc6 26.gxf5 gxf5 27.exf5 Rg8+ 
28.Kh1 Nd5 29.Ne4 Ke7 30.a3 Kd7 31.Rg1 Rxg1+ 32.Kxg1 Ne3 33.f6 Nc2 34.f7 
Ke7 35.Nxd6 Nxa3 36.Kf2 Nc2 37.Nc4 Nxb4 38.Nxe5 a5 39.Ke3 a4 40.Kd2 c5 41.
Nd7 Kxf7 42.Nxc5 a3 43.Kc3 a2 44.Nb3 Nc6 45.Kb2 Kf6 46.Kxa2 Kg5 47.Kb2 Kh4
48.f4 Kh3 49.f5 Kxh2 50.f6 Nd8 51.Nd4 h5 52.Kc2 Kg3 53.Kd2 Kf4 54.Ke1 Kg5 
55.Kf2 Kxf6 56.Kg3 Nf7 57.Kh4 Kg6 58.Ne2 Kf5 59.Kxh5 1/2-1/2

[Event "56th World U20 ch"]
[Site "Tarvisio ITA"]
[Date "2017.11.13"]
[Round "1.15"]
[White "Sanal, Vahap"]
[Black "Villegas, Franco"]
[Result "0-1"]
[WhiteElo "2557"]
[BlackElo "2328"]
[EventDate "2017.11.13"]
[PlyCount "63"]

1.e4 c5 2.Nf3 e6 3.Nc3 Nc6 4.d4 cxd4 5.Nxd4 Nf6 6.Ndb5 Bb4 7.Nd6+ Ke7 8.
Bf4 e5 9.Nxc8+ Rxc8 10.Bg5 Nd4 11.Bd2 Qa5 12.Bd3 Rxc3 13.bxc3 Bxc3 14.Bxc3
Qxc3+ 15.Kf1 Rc8 16.Rc1 d5 17.exd5 e4 18.Be2 Nxd5 19.g3 Rc6 20.Qe1 Rf6 21.
Bd3 e3 22.f4 Qc8 23.h4 Qc7 24.c3 Nf3 25.Qe2 Rxf4 26.gxf4 Qxf4 27.Kg2 Nxh4+
28.Kg1 Qg3+ 29.Kf1 Nf4 30.Qb2 e2+ 31.Bxe2 Nhg2 32.Qd2 {... 36 moves} 0-1

[Event "56th World U20 ch"]
[Site "Tarvisio ITA"]
[Date "2017.11.13"]
[Round "1.16"]
[White "Brazdzionis, Andrius"]
[Black "Petrosian, Manuel"]
[Result "0-1"]
[WhiteElo "2322"]
[BlackElo "2554"]
[EventDate "2017.11.13"]
[PlyCount "79"]

1.e4 e5 2.Nf3 Nc6 3.Bb5 a6 4.Ba4 Nf6 5.O-O Be7 6.Qe2 b5 7.Bb3 d6 8.c3 O-O 
9.Rd1 Na5 10.Bc2 c5 11.d4 Qc7 12.d5 c4 13.b4 cxb3 14.axb3 Nb7 15.b4 Bd7 
16.Bb2 Nh5 17.Bc1 g6 18.Bh6 Rfc8 19.Bd3 Bf8 20.Be3 Nf4 21.Bxf4 exf4 22.Ra3
Qb6 23.e5 dxe5 24.Nxe5 Qd6 25.Nxd7 Qxd7 26.Rxa6 f3 27.gxf3 Nd6 28.Rxa8 
Rxa8 29.Nd2 Bg7 30.Ne4 Re8 31.Qd2 Re5 32.Ra1 h6 33.Qf4 Nxe4 34.fxe4 Rg5+ 
35.Kf1 Bxc3 36.Ra8+ Kh7 37.Qb8 h5 38.Qxb5 Qh3+ 39.Ke2 Rg1 40.Rh8+ 0-1

[Event "56th World U20 ch"]
[Site "Tarvisio ITA"]
[Date "2017.11.13"]
[Round "1.17"]
[White "Bai Jinshi"]
[Black "Xu Yining"]
[Result "1-0"]
[WhiteElo "2553"]
[BlackElo "2321"]
[EventDate "2017.11.13"]
[PlyCount "60"]

1.Nf3 Nf6 2.c4 g6 3.Nc3 d6 4.d4 Bg7 5.e4 O-O 6.h3 e5 7.d5 Nh5 8.g3 a5 9.
Be3 f5 10.exf5 gxf5 11.Ng5 Nf6 12.Qd2 Na6 13.O-O-O Nc5 14.Rg1 Qe7 15.Be2 
h6 16.Nf3 Nfe4 17.Nxe4 Nxe4 18.Qc2 c6 19.g4 Kh8 20.g5 hxg5 21.Nxg5 cxd5 
22.Rxd5 Nf6 23.Rb5 Bd7 24.Rxb7 Rfb8 25.Qb3 Rxb7 26.Qxb7 Rc8 27.Bd2 d5 28.
Kb1 d4 29.Nf3 Ne4 30.Bxa5 d3 {... 40 moves} 1-0

[Event "56th World U20 ch"]
[Site "Tarvisio ITA"]
[Date "2017.11.13"]
[Round "1.18"]
[White "Abdulla, Murad"]
[Black "Shevchenko, Kirill"]
[Result "0-1"]
[WhiteElo "2316"]
[BlackElo "2550"]
[EventDate "2017.11.13"]
[PlyCount "294"]

1.e4 c5 2.Nf3 d6 3.c3 Nf6 4.Qc2 Qc7 5.Be2 g6 6.O-O Bg4 7.d3 Bg7 8.Nbd2 O-O
9.h3 Bd7 10.a4 Nc6 11.Nb3 Na5 12.Nxa5 Qxa5 13.d4 cxd4 14.Nxd4 Rac8 15.Be3 
a6 16.f4 Qc7 17.Bf3 e5 18.Ne2 d5 19.fxe5 Nxe4 20.Bxe4 dxe4 21.Qxe4 Bc6 22.
Qf4 Qxe5 23.Qxe5 Bxe5 24.Nd4 Be4 25.Nf3 Bg7 26.Rfd1 Bxf3 27.gxf3 Rfe8 28.
Kf2 Bf6 29.Rd3 Rc6 30.Bd4 Bh4+ 31.Kf1 Rce6 32.Rd2 Bg5 33.Rg2 Be3 34.Bxe3 
Rxe3 35.Rf2 R8e5 36.Rd1 Rf5 37.Kg2 b5 38.Rd4 Kg7 39.Rd6 bxa4 40.Rxa6 Rf4 
41.Rc6 f6 42.Rc8 g5 43.Rc7+ Kg6 44.Kg3 h5 45.Rc5 Rd3 46.Kg2 Kh6 47.Rc8 Kg7
48.Rc7+ Kg6 49.Rc5 h4 50.Ra5 Re3 51.Rc5 Re6 52.Rd2 Re3 53.Rf2 Re1 54.Rc2 
Ra1 55.Ra5 Rc4 56.Kf2 Ra2 57.Re2 Rc6 58.Ra7 Rc5 59.Ra6 Kf5 60.Rb6 a3 61.
bxa3 Rxe2+ 62.Kxe2 Rxc3 63.Kf2 Rxa3 64.Rb5+ Kg6 65.Rc5 Ra2+ 66.Kg1 Re2 67.
Ra5 Kf7 68.f4 gxf4 69.Rf5 Re4 70.Rh5 f3 71.Rf5 Ke6 72.Rxf3 f5 73.Ra3 Ke5 
74.Kg2 Kf4 75.Rf3+ Kg5 76.Ra3 Re2+ 77.Kf1 Rh2 78.Rb3 Rd2 79.Rb4 Rd3 80.Kg2
Rg3+ 81.Kh2 Re3 82.Kg2 Re4 83.Rb3 Rd4 84.Rb2 Kf4 85.Rf2+ Ke5 86.Re2+ Re4 
87.Ra2 Re3 88.Ra5+ Kf4 89.Ra4+ Re4 90.Ra2 Rb4 91.Rf2+ Kg5 92.Ra2 Rb5 93.
Rc2 Rd5 94.Ra2 Kf4 95.Ra4+ Ke3 96.Ra3+ Ke4 97.Ra2 Rd3 98.Re2+ Re3 99.Ra2 
Rg3+ 100.Kh2 Rd3 101.Kg2 f4 102.Ra4+ Ke3 103.Ra1 f3+ 104.Kf1 Rd4 105.Ra3+ 
Rd3 106.Ra1 Rc3 107.Re1+ Kf4 108.Re8 Rc1+ 109.Kf2 Rc2+ 110.Kg1 Kg3 111.
Rg8+ Kxh3 112.Rh8 Rd2 113.Kf1 Kg3 114.Rg8+ Kf4 115.Rf8+ Kg3 116.Rg8+ Kh2 
117.Rf8 Kg3 118.Rg8+ Kh2 119.Rf8 Rd3 120.Kf2 h3 121.Rg8 Rc3 122.Rg7 Rc1 
123.Kxf3 Rf1+ 124.Ke2 Rg1 125.Rh7 Rg5 126.Kf2 Rf5+ 127.Ke2 Rf6 128.Rh8 Ra6
129.Kf2 Ra2+ 130.Kf1 Ra7 131.Kf2 Rf7+ 132.Ke2 Kg2 133.Rg8+ Kh1 134.Rh8 $11
h2 135.Rg8 Ra7 136.Kf2 Ra1 137.Rh8 Rg1 138.Re8 Rg2+ 139.Kf3 Rg7 140.Re1+ 
Rg1 141.Re8 Rf1+ 142.Ke2 Ra1 143.Rg8 Rg1 144.Rb8 Kg2 145.Rg8+ Kh3 146.Rh8+
Kg3 147.Rg8+ Kf4 0-1

[Event "56th World U20 ch"]
[Site "Tarvisio ITA"]
[Date "2017.11.13"]
[Round "1.19"]
[White "Ladva, Ottomar"]
[Black "Timerkhanov, Alexander"]
[Result "1/2-1/2"]
[WhiteElo "2543"]
[BlackElo "2312"]
[EventDate "2017.11.13"]
[PlyCount "63"]

1.Nf3 d5 2.g3 Bg4 3.Bg2 c6 4.c4 e6 5.O-O Nd7 6.cxd5 cxd5 7.Nc3 Ngf6 8.d3 
Bxf3 9.Bxf3 Bc5 10.Qb3 Qb6 11.Qxb6 Bxb6 12.e4 Ne5 13.Be2 dxe4 14.dxe4 O-O 
15.Bf4 Nc6 16.Kg2 Bd4 17.f3 h6 18.Rac1 a6 19.h4 Rfd8 20.g4 e5 21.Bd2 Ba7 
22.Rfd1 Rxd2 23.Rxd2 Be3 24.Rcd1 Bxd2 25.Rxd2 Nd4 26.Bd1 Rd8 27.Be2 Rd7 
28.Nd5 Nxd5 29.exd5 g5 30.hxg5 hxg5 31.Kf2 Rc7 32.Ke3 1/2-1/2

[Event "56th World U20 ch"]
[Site "Tarvisio ITA"]
[Date "2017.11.13"]
[Round "1.20"]
[White "Nowak, Lukasz"]
[Black "Sarana, Alexei"]
[Result "0-1"]
[WhiteElo "2310"]
[BlackElo "2543"]
[EventDate "2017.11.13"]
[PlyCount "94"]

1.e4 c5 2.Nf3 d6 3.d4 cxd4 4.Nxd4 Nf6 5.Nc3 a6 6.h3 e5 7.Nde2 b5 8.Ng3 Qc7
9.Bd3 g6 10.O-O Bg7 11.f4 exf4 12.Bxf4 O-O 13.Kh1 b4 14.Nce2 Nc6 15.Qd2 a5
16.Bh6 Ne8 17.Bxg7 Nxg7 18.Qh6 Ne5 19.Nf4 Bb7 20.Rf2 f6 21.Nfe2 Ne6 22.
Raf1 Qe7 23.Qe3 Kg7 24.Nd4 Nxd4 25.Qxd4 Qc7 26.Qe3 Rae8 27.Rf4 Qc5 28.Qd2 
Qd4 29.b3 Rf7 30.Ne2 Qc5 31.Qe1 d5 32.exd5 Nxd3 33.cxd3 Qxd5 34.Qf2 Qxg2+ 
35.Qxg2 Rxe2 36.Qxb7 Rxb7 37.Rxf6 Rxa2 38.Ra6 Rd2 39.Rxa5 Rxd3 40.Kg2 Rxb3
41.Rfa1 Rc3 42.Ra7 Rcc7 43.Rxb7 Rxb7 44.Rb1 b3 45.Rb2 Kf6 46.Kf3 Ke5 47.
Ke3 g5 0-1

[Event "56th World U20 ch"]
[Site "Tarvisio ITA"]
[Date "2017.11.13"]
[Round "1.21"]
[White "Xu Xiangyu"]
[Black "Chen, Richard"]
[Result "1-0"]
[WhiteElo "2543"]
[BlackElo "2309"]
[EventDate "2017.11.13"]
[PlyCount "47"]

1.Nf3 d5 2.g3 g6 3.Bg2 Bg7 4.d4 Nf6 5.O-O O-O 6.c4 Nc6 7.Nbd2 a5 8.b3 Ne4 
9.Bb2 e6 10.Nxe4 dxe4 11.Ne5 f5 12.Nxc6 bxc6 13.Qc2 Re8 14.Rad1 Qe7 15.f3 
exf3 16.exf3 f4 17.Qe4 fxg3 18.hxg3 a4 19.Rfe1 axb3 20.axb3 Bd7 21.Re2 Ra2
22.Qb1 Rea8 23.c5 Qd8 24.f4 {... 75 moves} 1-0

[Event "56th World U20 ch"]
[Site "Tarvisio ITA"]
[Date "2017.11.13"]
[Round "1.22"]
[White "Sukovic, Andrej"]
[Black "Tran Tuan Minh"]
[Result "0-1"]
[WhiteElo "2306"]
[BlackElo "2538"]
[EventDate "2017.11.13"]
[PlyCount "68"]

1.e4 c5 2.Nf3 d6 3.d4 cxd4 4.Nxd4 Nf6 5.Nc3 a6 6.Bc4 e6 7.Bb3 Nbd7 8.O-O 
Nc5 9.Qe2 Be7 10.Kh1 O-O 11.f4 Qe8 12.f5 Bd7 13.Bg5 Nxb3 14.axb3 Rc8 15.b4
h6 16.Bh4 Qd8 17.b5 e5 18.Bxf6 Bxf6 19.Nb3 Bxb5 20.Nxb5 axb5 21.Rfd1 Qc7 
22.c3 b4 23.cxb4 Qc4 24.Qxc4 Rxc4 25.Rxd6 Rxb4 26.Nc5 Rc8 27.Nd7 Rxb2 28.
Nxf6+ gxf6 29.Rxf6 Kg7 30.Rd6 Rcc2 31.Rd5 Rxg2 32.Rg1 Rxg1+ 33.Kxg1 Kf6 
34.h4 Rb4 0-1

[Event "56th World U20 ch"]
[Site "Tarvisio ITA"]
[Date "2017.11.13"]
[Round "1.23"]
[White "Yuffa, Daniil"]
[Black "Ioannidis, Evgenios"]
[Result "1-0"]
[WhiteElo "2527"]
[BlackElo "2302"]
[EventDate "2017.11.13"]
[PlyCount "79"]

1.d4 d5 2.c4 c6 3.Nc3 Nf6 4.Nf3 e6 5.e3 Nbd7 6.Qc2 Bd6 7.Bd3 O-O 8.O-O 
dxc4 9.Bxc4 a6 10.Rd1 b5 11.Bd3 Qc7 12.Ne4 Nxe4 13.Bxe4 Nf6 14.Qxc6 Nxe4 
15.Qxe4 Bb7 16.Qh4 Qc2 17.Rf1 Bd5 18.Ne5 Rad8 19.f3 f6 20.Rf2 Qd1+ 21.Rf1 
Qc2 22.Ng4 Bc4 23.Qf2 Qg6 24.Rd1 f5 25.Ne5 Bxe5 26.b3 Bxh2+ 27.Kxh2 Qh5+ 
28.Kg1 Bd5 29.Ba3 Rf6 30.Kf1 Rg6 31.Ke2 Qh2 32.Rg1 Rc8 33.Bc5 e5 34.Kd2 
Rg3 35.Bd6 Rxf3 36.Qe2 f4 37.Bxe5 Rxe3 38.Qg4 Rc7 39.Bxf4 h5 40.Bxh2 1-0

[Event "56th World U20 ch"]
[Site "Tarvisio ITA"]
[Date "2017.11.13"]
[Round "1.24"]
[White "Kumar, Gaurav"]
[Black "Kantor, Gergely"]
[Result "1-0"]
[WhiteElo "2297"]
[BlackElo "2514"]
[EventDate "2017.11.13"]
[PlyCount "119"]

1.e4 e5 2.Nf3 Nc6 3.d4 exd4 4.Nxd4 Bc5 5.Nxc6 bxc6 6.Bd3 Qh4 7.Qe2 Nf6 8.
Be3 Bb6 9.h3 d6 10.Nd2 O-O 11.O-O Re8 12.Rae1 Bxe3 13.Qxe3 Nd5 14.Qg3 Qxg3
15.fxg3 Nb6 16.Nf3 f6 17.g4 c5 18.g5 fxg5 19.Nxg5 h6 20.Nf3 c4 21.Be2 Rxe4
22.Nd2 Rd4 23.Bf3 d5 24.Bh5 Bd7 25.Bf7+ Kh7 26.Rf2 Rf8 27.Ree2 Rd8 28.c3 
Rd3 29.Nf3 Rd1+ 30.Kh2 Ba4 $11 31.Nd4 Rd6 32.Ne6 Nd7 33.Be8 Bc6 34.Rf7 Nf6
35.Nxg7 Kg8 36.Rxc7 Bd7 37.Rxa7 Kxg7 38.Bxd7 Nxd7 39.Re7+ Kf6 40.Rexd7 
Rxd7 41.Rxd7 Rd2 42.Rb7 Ke5 43.a4 Rd1 44.a5 Ra1 45.Rb5 Ra2 46.Kg3 Kd6 47.
Kf4 Kc6 48.Rb6+ Kc5 49.Ke5 Ra1 50.Rxh6 Re1+ 51.Kf4 Re2 52.a6 Rxb2 53.a7 
Ra2 54.Rh7 Kd6 55.Ke3 Kc5 56.h4 Ra3 57.Kd2 Kd6 58.h5 Ke5 59.Re7+ Kf5 60.h6
1-0

[Event "56th World U20 ch"]
[Site "Tarvisio ITA"]
[Date "2017.11.13"]
[Round "1.25"]
[White "Bellahcene, Bilel"]
[Black "Holtman, Teodor"]
[Result "1-0"]
[WhiteElo "2510"]
[BlackElo "2296"]
[EventDate "2017.11.13"]
[PlyCount "70"]

1.e4 c5 2.Nf3 Nc6 3.b4 cxb4 4.d4 d5 5.exd5 Qxd5 6.c4 Qa5 7.Nbd2 Bg4 8.Bb2 
e6 9.d5 exd5 10.Nb3 Qd8 11.cxd5 Qe7+ 12.Qe2 Bxf3 13.gxf3 Qxe2+ 14.Bxe2 
Nce7 15.O-O Nf5 16.Rac1 Bd6 17.Nc5 Rb8 18.Ne4 f6 19.Rfe1 Nge7 20.Bf1 Kf7 
21.Bh3 Rhd8 22.Nxd6+ Rxd6 23.Rc5 Rbd8 24.Rb5 b6 25.Rd1 g6 26.Bf1 Kg7 27.
Rxb4 Rxd5 28.Re1 Nc6 29.Rbe4 Ncd4 30.Kg2 g5 31.f4 g4 32.Rc1 R5d7 33.Ba6 
Nh4+ 34.Kg3 Nhf5+ 35.Kxg4 Kg6 {... 45 moves} 1-0

[Event "56th World U20 ch"]
[Site "Tarvisio ITA"]
[Date "2017.11.13"]
[Round "1.26"]
[White "Urbanc, Peter"]
[Black "Praggnanandhaa, R."]
[Result "0-1"]
[WhiteElo "2290"]
[BlackElo "2509"]
[EventDate "2017.11.13"]
[PlyCount "98"]

1.d4 Nf6 2.c4 e6 3.Nf3 d5 4.Bg5 dxc4 5.Qa4+ Nbd7 6.e3 a6 7.Bxc4 Rb8 8.Qc2 
b5 9.Be2 c5 10.O-O Bb7 11.dxc5 Bxc5 12.Rd1 Rc8 13.Nc3 Qb6 14.a3 O-O 15.Rd2
Qc6 16.Rad1 Bxa3 17.bxa3 Qxc3 18.Qxc3 Rxc3 19.Rd3 Rxd3 20.Rxd3 Nc5 21.Rd1 
Nd5 22.Rc1 Rc8 23.Nd4 f6 24.Bh4 e5 25.Bg4 Rc7 26.Nf5 Bc8 27.h3 Be6 28.e4 
Nxe4 29.Nh6+ Kf8 30.Re1 Bxg4 31.Nxg4 Rc4 32.f3 Nec3 33.Bf2 Kf7 34.Ne3 Nxe3
35.Rxe3 Nd5 36.Rd3 Ke6 37.Be1 Rc1 38.Kf1 f5 39.g4 g6 40.Kf2 Rc2+ 41.Kg3 
f4+ 42.Kh4 h6 43.Bd2 Ra2 44.g5 h5 45.Bb4 Ne3 46.Rd6+ Kf7 47.Rf6+ Kg7 48.
Bf8+ Kh7 49.Rf7+ Kh8 0-1